|
|
|
|
| LEADER |
01317nam a2200301 a 4500 |
| 001 |
11870195 |
| 008 |
090908s2000 ctu b 001 0 eng d |
| 010 |
|
|
|a 99086038
|
| 020 |
|
|
|a 0300084587 (alk. paper)
|
| 040 |
|
|
|a DLC
|c DLC
|d DLC
|
| 082 |
0 |
0 |
|a 820.9/9287/09034
|2 21
|
| 100 |
1 |
|
|a Gilbert, Sandra M.
|
| 245 |
1 |
4 |
|a The madwoman in the attic :
|b the woman writer and the nineteenth-century literary imagination /
|c Sandra M. Gilbert and Susan Gubar.
|
| 250 |
|
|
|a 2nd ed.
|
| 260 |
|
|
|a New Haven :
|b Yale University Press,
|c 2000.
|
| 300 |
|
|
|a xlvi, 719 p. ;
|c 20 cm.
|
| 504 |
|
|
|a Includes bibliographical references and index.
|
| 541 |
1 |
|
|e 00019239
|
| 650 |
|
0 |
|a English literature
|x Women authors
|x History and criticism.
|
| 650 |
|
0 |
|a Women and literature
|z Great Britain
|x History
|y 19th century.
|
| 650 |
|
0 |
|a English literature
|y 19th century
|x History and criticism.
|
| 650 |
|
0 |
|a English literature
|x Psychological aspects.
|
| 650 |
|
0 |
|a Women authors
|x Psychology.
|
| 650 |
|
0 |
|a Women in literature.
|
| 700 |
1 |
|
|a Gubar, Susan,
|d 1944-
|
| 852 |
4 |
|
|a Ayesha Abed Library
|j General shelf
|
| 999 |
|
|
|c 3966
|d 3966
|
| 952 |
|
|
|0 0
|1 0
|2 ddc
|4 0
|6 820_992870903400000_GIL_2000
|7 0
|9 3655
|a BRACUL
|b BRACUL
|c GEN
|d 2009-09-07
|e Trust Line International
|l 12
|m 67
|o 820.9928709034 GIL
|p 3010019240
|r 2024-02-25
|s 2024-02-07
|t 1
|w 2009-09-16
|y BK
|